000 00680nam a2200253Ia 4500
003 OSt
005 20220912150614.0
006 a|||||r|||| 00| 0
007 ta
008 220909b |||||||| |||| 00| 0 eng d
024 _a51214
037 _cTextual
040 _aCSL
_beng
_cCSL
041 _aeng
082 _aI5:4, M7
100 _aNishimura Syoyo Ed.
245 0 _aMolecular determinants of plant disease
260 _aTokyo
_bJapan Scientific Societies Press
_c1987
300 _axiv, 293p.
_ccm.
650 _aBotany
700 _a Vance C P Ed.
942 _hI5:4, M7
_cTEXL
_2CC
999 _c50782
_d50782